El Último Circo Posible /
Uloženo v:
| Hlavní autor: | |
|---|---|
| Médium: | Neznámo |
| Jazyk: | Spanish |
| Témata: | |
| Tagy: |
Přidat tag
Žádné tagy, Buďte první, kdo vytvoří štítek k tomuto záznamu!
|
MARC
| LEADER | 000000000a22000000004500 | ||
|---|---|---|---|
| 001 | 006040 | ||
| 041 | 0 | |a spa | |
| 100 | 1 | |a Contreras Castro, Fernando R. | |
| 245 | 1 | 3 | |a El Último Circo Posible / |c Fernando R. Contreras Castro. |
| 650 | 4 | |a LITERATURA COSTARRICENSE | |
| 650 | 4 | |a POESÍA | |
| 650 | 4 | |a ENSAYO | |
| 773 | 0 | |d San José, Costa Rica : Ministerio de Cultura Juventud y Deportes |t Imago: Revista de Colección y Biblioteca |g volumen 5 (1998), páginas 11-14 | |
| 942 | |c ARC | ||
| 999 | |c 12676 |d 12676 | ||
